| 000 | 00647nam a2200193 a 4500 | ||
|---|---|---|---|
| 005 | 20221118063442.0 | ||
| 008 | 991125s1956 fr 000 0 fre u | ||
| 035 | _aUPN01000005170 | ||
| 049 | _aCG | ||
| 050 | 4 |
_aLB1573 F8 _bG7.2 |
|
| 100 | 1 | _aGroisard, L. | |
| 245 | 1 | 0 |
_aAvec le petit poucet : _bméthode de lecture liée a l'élocution : deuxieme livret / _cpar L. Groisard, R. Reynes, H. Combelles ; il. de Simone Deleuil. |
| 260 |
_aParís : _bLarousse, _c1956. |
||
| 300 |
_a62 p. : _bil. |
||
| 650 | 4 |
_aLectura _xEstudio y enseñanza (Elemental) _92805 |
|
| 700 | 1 |
_aReynes, R., _ecoaut. |
|
| 700 | 1 |
_aCombelles, H., _ecoaut. |
|
| 905 | _aLibro | ||
| 999 |
_c5170 _d5170 |
||